Statystyki dla Shawn Mendes - Wszystkie piosenki

Kliknij tutaj aby rozwiązać quiz!

Ogólne statystyki

  • Ten quiz został rozwiązany 93 razy
  • Średni wynik to 19 z 67

Statystyki odpowiedzi

Tytuł piosenki% Poprawnych
Treat You Better
87%
Stitches
76%
Mercy
66%
Wonder
63%
In My Blood
61%
Lost In Japan
55%
Senorita
51%
Monster
50%
I Know What You Did Last Summer
47%
Imagination
46%
Something Big
46%
Youth
45%
There's Nothing Holdin' Me Back
41%
If I Can't Have You
39%
Bad Reputation
38%
Life Of The Party
38%
Nervous
38%
Never Be Alone
38%
Roses
36%
Higher
34%
305
33%
Fallin' All In You
30%
Mutual
29%
Teach Me How To Love
29%
Dream
28%
Queen
28%
Show You
28%
Where Were You In The Morning?
28%
Hold On
26%
Lights On
26%
Like To Be You
26%
Call My Friends
25%
Honest
25%
Look Up At The Stars
25%
Ruin
25%
Aftertaste
24%
Don't Be A Fool
24%
Perfectly Wrong
24%
Air
22%
Always Been You
22%
Because I Had You
22%
Memories
22%
No Promises
22%
Why
22%
Like This
21%
Kid In Love
20%
Piece Of You
20%
Can't Imagine
18%
Patience
18%
Song For No One
18%
Particular Taste
17%
Strings
17%
Crazy
16%
Running Low
16%
Three Empty Words
16%
Understand
16%
Believe
14%
When You're Ready
14%
Bring It Back
11%
I Don't Even Know Your Name
11%
Act Like You Love Me
7%
This Is What It Takes
7%
Oh Cecilia
5%
One Of Those Nights
3%
24 House
1%
Weight The
1%
Little Too Much A
0%

Rozkład punktacji

Percentyl według liczby udzielonych odpowiedzi

Procent ludzi z każdym wynikiem

Twoja historia wyników

Nie rozwiązałeś tego quizu